[Event "Titled Tuesday intern op 04th Feb Early"]
[Site "Chess.com INT"]
[Date "2025.02.04"]
[Round "3"]
[White "Ahmad, Al Khatib"]
[Black "Muratet Casadevall, Albert"]
[Result "1-0"]
[WhiteElo "2279"]
[BlackElo "2018"]
[PlyCount "103"]
[EventDate "2025.02.04"]
[EventType "swiss (blitz)"]
[EventRounds "11"]
[EventCountry "USA"]
[SourceTitle "CB07_2025"]
[SourceDate "2025.02.12"]
[SourceVersion "1"]
[SourceVersionDate "2025.02.12"]
[SourceQuality "1"]

1. d4 d5 2. Nc3 Nc6 3. Bf4 a6 4. e4 dxe4 5. d5 Nb8 6. Nxe4 Nf6 7. Nxf6+ exf6 8. Qd2 Be7 9. 0-0-0 0-0 10. Bd3 Nd7 11. Nf3 Nc5 12. h3 Nxd3+ 13. Qxd3 Re8 14. Rhe1 g6 15. Bxc7 Qxc7 16. d6 Qc5 17. Rxe7 Rxe7 18. dxe7 Qxe7 19. Qd8+ Qxd8 20. Rxd8+ Kg7 21. Nd4 b5 22. f3 h5 23. Kd2 Bb7 24. Rd7 Rb8 25. Ne6+ Kg8 26. Nc5 Bc8 27. Rd8+ Kg7 28. b4 Ra8 29. Kc3 Bb7 30. Rd7 Bc6 31. Rd6 Be8 32. Rxa6 Rc8 33. Rd6 Bc6 34. Kd4 g5 35. c4 bxc4 36. Kxc4 Ba8 37. b5 g4 38. hxg4 hxg4 39. fxg4 Bxg2 40. b6 Rb8 41. a4 Bf3 42. a5 Bxg4 43. b7 Bf3 44. a6 Bxb7 45. axb7 f5 46. Kb5 f4 47. Kb6 f3 48. Rd3 Re8 49. Rxf3 Re1 50. Rb3 Re8 51. Kc6 f5 52. b8Q 1-0

[Event "Titled Tuesday intern op 04th Feb Early"]
[Site "Chess.com INT"]
[Date "2025.02.04"]
[Round "5"]
[White "Brancaleoni, Maurizio"]
[Black "Muratet Casadevall, Albert"]
[Result "1-0"]
[WhiteElo "2180"]
[BlackElo "2018"]
[PlyCount "57"]
[EventDate "2025.02.04"]
[EventType "swiss (blitz)"]
[EventRounds "11"]
[EventCountry "USA"]
[SourceTitle "CB07_2025"]
[SourceDate "2025.02.12"]
[SourceVersion "1"]
[SourceVersionDate "2025.02.12"]
[SourceQuality "1"]

1. Nf3 d5 2. d4 Nc6 3. g3 Nf6 4. Bg2 Bf5 5. 0-0 e6 6. c4 Be7 7. Nc3 0-0 8. Ne5 Bg6 9. Nxg6 hxg6 10. e3 Qd7 11. b3 Rfe8 12. Bb2 Bf8 13. Rc1 a6 14. a3 Rad8 15. Qc2 dxc4 16. bxc4 e5 17. Nd5 exd4 18. exd4 b6 19. Rfd1 Ne7 20. Ne3 Nf5 21. Nd5 Nxd5 22. Bxd5 c6 23. Bg2 Qd6 24. c5 bxc5 25. dxc5 Qc7 26. Re1 Rxe1+ 27. Rxe1 Rc8 28. h4 Qa5 29. Rd1 1-0

[Event "Titled Tuesday intern op 04th Feb Early"]
[Site "Chess.com INT"]
[Date "2025.02.04"]
[Round "9"]
[White "Wanyama, Harold"]
[Black "Muratet Casadevall, Albert"]
[Result "1-0"]
[WhiteElo "2130"]
[BlackElo "2018"]
[PlyCount "49"]
[EventDate "2025.02.04"]
[EventType "swiss (blitz)"]
[EventRounds "11"]
[EventCountry "USA"]
[SourceTitle "CB07_2025"]
[SourceDate "2025.02.12"]
[SourceVersion "1"]
[SourceVersionDate "2025.02.12"]
[SourceQuality "1"]

1. d4 d5 2. c4 c6 3. Nc3 Nf6 4. Nf3 Bf5 5. e3 e6 6. Bd3 Bxd3 7. Qxd3 Be7 8. 0-0 0-0 9. e4 dxe4 10. Nxe4 Nxe4 11. Qxe4 Bf6 12. Rd1 c5 13. Qxb7 Nd7 14. d5 Ne5 15. Nxe5 Bxe5 16. Be3 exd5 17. Rxd5 Qf6 18. Bxc5 Rfb8 19. Qd7 Rxb2 20. a4 h5 21. Re1 Rab8 22. Rdd1 Kh7 23. Bxa7 R8b3 24. Qd5 Bc7 25. Bd4 1-0

[Event "Titled Tuesday intern op 28th Jan Early"]
[Site "Chess.com INT"]
[Date "2025.01.28"]
[Round "5"]
[White "Acosta, Pablo Alejandro"]
[Black "Muratet Casadevall, Albert"]
[Result "1-0"]
[WhiteElo "2051"]
[BlackElo "2010"]
[PlyCount "35"]
[EventDate "2025.01.28"]
[EventType "swiss (blitz)"]
[EventRounds "11"]
[EventCountry "USA"]
[SourceTitle "CB06_2025"]
[SourceDate "2025.02.05"]
[SourceVersion "1"]
[SourceVersionDate "2025.02.05"]
[SourceQuality "1"]

1. e4 d5 2. exd5 Qxd5 3. Nc3 Qa5 4. d4 Nf6 5. Nf3 c6 6. Bd2 Qc7 7. Bc4 Bf5 8. Qe2 e6 9. 0-0-0 Be7 10. Ne5 0-0 11. g4 Bg6 12. h4 b5 13. Bb3 b4 14. Na4 Be4 15. g5 Bxh1 16. gxf6 gxf6 17. Rg1+ Kh8 18. Bh6 1-0

[Event "Titled Tuesday intern op 28th Jan Early"]
[Site "Chess.com INT"]
[Date "2025.01.28"]
[Round "1"]
[White "Chylewski, Patryk"]
[Black "Muratet Casadevall, Albert"]
[Result "1-0"]
[WhiteElo "2312"]
[BlackElo "2010"]
[PlyCount "107"]
[EventDate "2025.01.28"]
[EventType "swiss (blitz)"]
[EventRounds "11"]
[EventCountry "USA"]
[SourceTitle "CB06_2025"]
[SourceDate "2025.02.05"]
[SourceVersion "1"]
[SourceVersionDate "2025.02.05"]
[SourceQuality "1"]

1. Nf3 d5 2. g3 c5 3. Bg2 Nc6 4. 0-0 Nf6 5. d3 e6 6. Nbd2 Be7 7. e4 dxe4 8. dxe4 0-0 9. c3 b6 10. Qe2 Bb7 11. e5 Nd7 12. Re1 Qc7 13. Nf1 b5 14. h4 a6 15. h5 h6 16. N1h2 Nb6 17. Ng4 Rad8 18. Bf4 Nd5 19. Bd2 Nb6 20. Rad1 Nc4 21. Bc1 Rxd1 22. Rxd1 Rd8 23. Re1 Nb6 24. Nd2 Na5 25. Ne4 Nd5 26. Kh2 Nc4 27. f4 Bf8 28. Ngf2 Ne7 29. g4 Nb6 30. Qf3 Nbd5 31. Qh3 f5 32. exf6 Nxf6 33. Nxf6+ gxf6 34. Rxe6 Bxg2 35. Qxg2 Nd5 36. Qe4 Bg7 37. Nh3 f5 38. Qxf5 Ne7 39. Qe4 Nc8 40. Re8+ Rxe8 41. Qxe8+ Kh7 42. Qe4+ Kg8 43. Kg2 Qf7 44. b3 Ne7 45. f5 c4 46. bxc4 bxc4 47. Nf4 Qf6 48. Bd2 Qg5 49. Kf3 Qh4 50. Qe6+ Kh7 51. f6 Qh1+ 52. Kf2 Qh2+ 53. Ng2 Qh4+ 54. Nxh4 1-0

[Event "Titled Tuesday intern op 28th Jan Early"]
[Site "Chess.com INT"]
[Date "2025.01.28"]
[Round "2"]
[White "Kubicka, Anna"]
[Black "Muratet Casadevall, Albert"]
[Result "0-1"]
[WhiteElo "2230"]
[BlackElo "2010"]
[PlyCount "90"]
[EventDate "2025.01.28"]
[EventType "swiss (blitz)"]
[EventRounds "11"]
[EventCountry "USA"]
[SourceTitle "CB06_2025"]
[SourceDate "2025.02.05"]
[SourceVersion "1"]
[SourceVersionDate "2025.02.05"]
[SourceQuality "1"]

1. d4 d5 2. c4 c6 3. g3 Nf6 4. Bg2 e6 5. Nf3 Be7 6. 0-0 0-0 7. Nc3 Nbd7 8. Bg5 dxc4 9. Rc1 c5 10. e4 cxd4 11. Qxd4 Nb6 12. Qxd8 Rxd8 13. Rfd1 Bd7 14. Ne5 Be8 15. Bf1 Rac8 16. Rxd8 Bxd8 17. Rd1 h6 18. Be3 Be7 19. Bxb6 axb6 20. Nxc4 Bc5 21. Nd6 Bxd6 22. Rxd6 Bc6 23. e5 Ne8 24. Rd4 Nc7 25. Bg2 Bxg2 26. Kxg2 Kf8 27. f4 Ke7 28. a3 Rd8 29. Rxd8 Kxd8 30. Kf3 Kd7 31. Ke4 Kc6 32. Kd4 Nb5+ 33. Nxb5 Kxb5 34. b3 g6 35. h3 h5 36. h4 Kc6 37. Kc4 b5+ 38. Kb4 Kb6 39. a4 bxa4 40. bxa4 Kc6 41. Ka5 Kc5 42. g4 hxg4 43. h5 gxh5 44. f5 b6+ 45. Ka6 exf5 0-1

[Event "Titled Tuesday intern op 28th Jan Early"]
[Site "Chess.com INT"]
[Date "2025.01.28"]
[Round "7"]
[White "Muratet Casadevall, Albert"]
[Black "Nithyalakshmi, Sivanesan"]
[Result "0-1"]
[WhiteElo "2010"]
[BlackElo "1938"]
[PlyCount "136"]
[EventDate "2025.01.28"]
[EventType "swiss (blitz)"]
[EventRounds "11"]
[EventCountry "USA"]
[SourceTitle "CB06_2025"]
[SourceDate "2025.02.05"]
[SourceVersion "1"]
[SourceVersionDate "2025.02.05"]
[SourceQuality "1"]

1. d4 Nf6 2. c4 g6 3. Nc3 Bg7 4. e4 d6 5. Nf3 0-0 6. Be2 e5 7. 0-0 exd4 8. Nxd4 Re8 9. f3 c6 10. Be3 Nbd7 11. Kh1 Ne5 12. Qc2 h5 13. Rad1 h4 14. Rd2 h3 15. g3 Qe7 16. Rfd1 Rd8 17. c5 dxc5 18. Nf5 Bxf5 19. exf5 Rxd2 20. Rxd2 Neg4 21. Bg1 Ne3 22. Qd3 Ned5 23. fxg6 Re8 24. gxf7+ Qxf7 25. Ne4 Nxe4 26. fxe4 Nf6 27. Qc2 Nxe4 28. Bc4 Re6 29. Qxe4 Rxe4 30. Bxf7+ Kxf7 31. Rd7+ Re7 32. Rxe7+ Kxe7 33. Bxc5+ Ke6 34. b3 b6 35. Be3 Kf5 36. Kg1 Ke4 37. Kf2 Bf6 38. Bh6 Be5 39. Ke2 Bd4 40. Bf4 Bg1 41. Kf1 Bxh2 42. Kf2 Kf5 43. Bb8 Kg4 44. a4 a5 45. Bc7 b5 46. axb5 cxb5 47. Bxa5 Bxg3+ 48. Kg1 h2+ 49. Kh1 Kf3 50. Bd8 Ke2 51. Be7 Kd3 52. b4 Kc3 53. Bf8 Be5 54. Be7 Kc4 55. Bf8 Bc3 56. Kxh2 Bxb4 57. Bg7 Bc3 58. Bf8 Bb4 59. Bg7 Bd6+ 60. Kg2 b4 61. Kf1 Kd3 62. Ke1 Kc2 63. Ke2 b3 64. Bd4 Ba3 65. Be5 Bb2 66. Bf4 Bc3 67. Bd6 b2 68. Ba3 b1Q 0-1

[Event "Titled Tuesday intern op 28th Jan Early"]
[Site "Chess.com INT"]
[Date "2025.01.28"]
[Round "9"]
[White "Muratet Casadevall, Albert"]
[Black "Soria Delgado, Kadir"]
[Result "0-1"]
[WhiteElo "2010"]
[BlackElo "2260"]
[PlyCount "34"]
[EventDate "2025.01.28"]
[EventType "swiss (blitz)"]
[EventRounds "11"]
[EventCountry "USA"]
[SourceTitle "CB06_2025"]
[SourceDate "2025.02.05"]
[SourceVersion "1"]
[SourceVersionDate "2025.02.05"]
[SourceQuality "1"]

1. d4 d5 2. c4 e6 3. Nf3 Nf6 4. g3 Be7 5. Bg2 0-0 6. 0-0 dxc4 7. Ne5 Nc6 8. Nxc6 bxc6 9. Nd2 Qxd4 10. Bxc6 Rb8 11. Nf3 Qc5 12. Ba4 Rd8 13. Qc2 Bb7 14. Be3 Qa5 15. Qxc4 Bd5 16. Qc2 Be4 17. Qxc7 Qxc7 0-1

[Event "Titled Tuesday intern op 28th Jan Early"]
[Site "Chess.com INT"]
[Date "2025.01.28"]
[Round "4"]
[White "Muratet Casadevall, Albert"]
[Black "Yonal, Timur"]
[Result "1/2-1/2"]
[WhiteElo "2010"]
[BlackElo "2194"]
[PlyCount "86"]
[EventDate "2025.01.28"]
[EventType "swiss (blitz)"]
[EventRounds "11"]
[EventCountry "USA"]
[SourceTitle "CB06_2025"]
[SourceDate "2025.02.05"]
[SourceVersion "1"]
[SourceVersionDate "2025.02.05"]
[SourceQuality "1"]

1. d4 Nf6 2. c4 e6 3. Nc3 Bb4 4. g3 d5 5. Nf3 0-0 6. Bg2 dxc4 7. 0-0 c5 8. dxc5 Nc6 9. Qc2 Bxc5 10. Bg5 h6 11. Bxf6 Qxf6 12. Ne4 Qe7 13. Nxc5 Qxc5 14. Rac1 Bd7 15. Qxc4 Qxc4 16. Rxc4 Rfc8 17. Rfc1 Na5 18. Rxc8+ Rxc8 19. Rxc8+ Bxc8 20. Nd4 Kf8 21. b4 Nc4 22. Kf1 Ke7 23. e3 e5 24. Nb3 b6 25. Ke2 Ba6 26. Kd1 Nd6 27. Kc2 Bc4 28. a4 f5 29. Nd2 Be6 30. f4 e4 31. Bf1 Kd7 32. Kc3 Kc6 33. Nc4 Nxc4 34. Bxc4 Bxc4 35. Kxc4 a6 36. b5+ axb5+ 37. axb5+ Kd6 38. Kd4 h5 39. h4 g6 40. Kc4 Ke6 41. Kd4 Kd6 42. Kc4 Ke6 43. Kd4 Kd6 1/2-1/2

[Event "Titled Tuesday intern op 10th Sep Early"]
[Site "Chess,com INT"]
[Date "2024.09.10"]
[Round "7"]
[White "Muratet Casadevall, Albert"]
[Black "Bruyatskaya, Marina"]
[Result "1/2-1/2"]
[WhiteElo "2010"]
[BlackElo "2122"]
[PlyCount "126"]
[EventDate "2024.09.10"]
[EventType "swiss (blitz)"]
[EventRounds "11"]
[EventCountry "USA"]
[SourceTitle "EXT 2025"]
[Source "ChessBase"]
[SourceDate "2024.10.14"]
[SourceVersion "1"]
[SourceVersionDate "2024.10.14"]
[SourceQuality "1"]

1. e4 c5 2. c3 Nf6 3. e5 Nd5 4. Bc4 Nb6 5. Bb3 d5 6. exd6 Qxd6 7. Nf3 Nc6 8. 0-0 Be6 9. d4 cxd4 10. Bxe6 Qxe6 11. Nxd4 Nxd4 12. Qxd4 Rd8 13. Qh4 Qf6 14. Qg3 e5 15. Bg5 Qg6 16. Bxd8 Qxg3 17. hxg3 Kxd8 18. Nd2 Kc7 19. Nf3 f6 20. Rfd1 Be7 21. a4 Rd8 22. Rxd8 Bxd8 23. a5 Nc4 24. b4 a6 25. Rd1 Be7 26. Kf1 Kc6 27. Ke2 h6 28. Nd2 Na3 29. Kd3 f5 30. f3 Bf6 31. Re1 Nb5 32. Nc4 e4+ 33. fxe4 fxe4+ 34. Rxe4 Bxc3 35. Re6+ Kd5 36. Rb6 Bxb4 37. Rxb7 Bc3 38. Rb6 Bf6 39. Rxa6 Nd4 40. Rd6+ Kc5 41. a6 Nc6 42. Rd7 Nb4+ 43. Ke4 Nxa6 44. Ne5 Nb4 45. Kf5 Nd5 46. Rxd5+ Kxd5 47. Ng4 Bb2 48. Kg6 Ke6 49. Nxh6 gxh6 50. Kxh6 Kf7 51. g4 Kg8 52. g5 Ba1 53. g6 Bb2 54. g7 Ba1 55. Kg6 Bb2 56. g4 Ba1 57. g5 Bb2 58. Kh5 Ba1 59. Kg4 Bxg7 60. Kh5 Bh8 61. Kg4 Bg7 62. Kh5 Bh8 63. Kg4 Bg7 1/2-1/2

[Event "Titled Tuesday intern op 10th Sep Early"]
[Site "Chess,com INT"]
[Date "2024.09.10"]
[Round "4"]
[White "Muratet Casadevall, Albert"]
[Black "Yonal, Timur"]
[Result "1-0"]
[WhiteElo "2010"]
[BlackElo "2146"]
[PlyCount "57"]
[EventDate "2024.09.10"]
[EventType "swiss (blitz)"]
[EventRounds "11"]
[EventCountry "USA"]
[SourceTitle "EXT 2025"]
[Source "ChessBase"]
[SourceDate "2024.10.14"]
[SourceVersion "1"]
[SourceVersionDate "2024.10.14"]
[SourceQuality "1"]

1. e4 c5 2. c3 Nf6 3. e5 Nd5 4. Bc4 Nb6 5. Bb3 Nc6 6. Nf3 c4 7. Bc2 d6 8. exd6 Qxd6 9. d4 cxd3 10. Qxd3 Qxd3 11. Bxd3 e5 12. 0-0 Be6 13. Bd2 0-0-0 14. Be4 f6 15. Be3 Kc7 16. Nbd2 Be7 17. Rfd1 Rd7 18. b3 g6 19. Kf1 Rhd8 20. Ke2 Ba3 21. Rab1 Bf8 22. a4 Bg7 23. Bxb6+ axb6 24. Bxc6 bxc6 25. Nc4 Bxc4+ 26. bxc4 e4 27. Nd4 f5 28. Ne6+ Kb7 29. Nxd8+ 1-0

[Event "Titled Tuesday intern op 06th Aug Late"]
[Site "Chess.com INT"]
[Date "2024.08.06"]
[Round "10"]
[White "Muratet Casadevall, Albert"]
[Black "Bueno, Alfeu Varela Jr"]
[Result "0-1"]
[WhiteElo "2010"]
[BlackElo "2209"]
[PlyCount "104"]
[EventDate "2024.08.06"]
[EventType "swiss (blitz)"]
[EventRounds "11"]
[EventCountry "USA"]
[SourceTitle "EXT 2025"]
[Source "ChessBase"]
[SourceDate "2024.10.14"]
[SourceVersion "1"]
[SourceVersionDate "2024.10.14"]
[SourceQuality "1"]

1. e4 e6 2. d4 d5 3. e5 c5 4. c3 Nc6 5. Nf3 Bd7 6. a3 Nge7 7. Bd3 Qb6 8. Bc2 Qa6 9. Bd3 Qb6 10. Bc2 cxd4 11. cxd4 Nf5 12. Bxf5 exf5 13. 0-0 Be6 14. Nc3 Be7 15. b4 0-0 16. Na4 Qc7 17. Nc5 b6 18. Nxe6 fxe6 19. Bg5 Bxg5 20. Nxg5 Qe7 21. Qh5 g6 22. Qh6 Nxd4 23. h4 Rac8 24. h5 Qg7 25. Qxg7+ Kxg7 26. Rfd1 Kh6 27. Rxd4 Kxg5 28. hxg6 hxg6 29. g3 f4 30. a4 fxg3 31. fxg3 Rc3 32. Kg2 Rc2+ 33. Kg1 Rff2 34. a5 Rg2+ 35. Kh1 Rh2+ 36. Kg1 Rcg2+ 37. Kf1 Rxg3 38. axb6 axb6 39. Ra6 Re3 40. Rxb6 Rxe5 41. Rc6 Rb2 42. Rc3 Re4 43. Rg3+ Kf5 44. Rdd3 Rbxb4 45. Kg2 Rg4 46. Rdf3+ Kg5 47. Re3 Rxg3+ 48. Kxg3 Kf5 49. Rf3+ Ke5 50. Rf8 d4 51. Kg4 d3+ 52. Kf3 Rd4 0-1

[Event "Titled Tuesday intern op 06th Aug Late"]
[Site "Chess.com INT"]
[Date "2024.08.06"]
[Round "4"]
[White "Reprintsev, Alexander"]
[Black "Muratet Casadevall, Albert"]
[Result "1-0"]
[WhiteElo "2230"]
[BlackElo "2010"]
[PlyCount "57"]
[EventDate "2024.08.06"]
[EventType "swiss (blitz)"]
[EventRounds "11"]
[EventCountry "USA"]
[SourceTitle "EXT 2025"]
[Source "ChessBase"]
[SourceDate "2024.10.14"]
[SourceVersion "1"]
[SourceVersionDate "2024.10.14"]
[SourceQuality "1"]

1. e4 Nf6 2. e5 Nd5 3. d4 d6 4. c4 Nb6 5. f4 dxe5 6. fxe5 Nc6 7. Be3 Bf5 8. Nc3 e6 9. Nf3 Be7 10. Be2 0-0 11. 0-0 f6 12. exf6 Bxf6 13. Qd2 Qe8 14. Rad1 Rd8 15. Qc1 Qg6 16. Nb5 Rf7 17. Kh1 a6 18. Nxc7 Rxc7 19. d5 Na8 20. dxc6 Rxc6 21. Rxd8+ Bxd8 22. Ne5 Qe8 23. Nxc6 Qxc6 24. Bf3 Qc8 25. c5 Nc7 26. c6 bxc6 27. Qxc6 Qb8 28. Bf4 Qa7 29. Bxc7 1-0

[Event "Titled Tuesday intern op 09th Jul Early"]
[Site "Chess.com INT"]
[Date "2024.07.09"]
[Round "10"]
[White "Efremova, Yulia"]
[Black "Muratet Casadevall, Albert"]
[Result "0-1"]
[WhiteElo "2127"]
[BlackElo "2010"]
[PlyCount "88"]
[EventDate "2024.07.09"]
[EventType "swiss (blitz)"]
[EventRounds "11"]
[EventCountry "USA"]
[SourceTitle "EXT 2025"]
[Source "ChessBase"]
[SourceDate "2024.10.14"]
[SourceVersion "1"]
[SourceVersionDate "2024.10.14"]
[SourceQuality "1"]

1. d4 Nf6 2. Nc3 d5 3. e4 Nxe4 4. Nxe4 dxe4 5. f3 exf3 6. Nxf3 g6 7. Bg5 Bg7 8. Qd2 0-0 9. 0-0-0 c6 10. h4 h5 11. Bh6 Nd7 12. Bxg7 Kxg7 13. g4 Nf6 14. gxh5 Nxh5 15. Ne5 Qd5 16. Bc4 Qe4 17. Kb1 Qf4 18. Qg2 Bf5 19. Rde1 Qxd4 20. Rhg1 Rad8 21. Bb3 Rd6 22. a3 a5 23. Nc4 Re6 24. Rxe6 fxe6 25. Nxa5 Be4 26. Qg5 Rf6 27. Nc4 Bf5 28. Ka2 b5 29. Ne3 b4 30. Nxf5+ exf5 31. Qxh5 Qxg1 32. Qe2 e6 33. Qxe6 Rxe6 34. Bxe6 bxa3 35. Kxa3 Qc5+ 36. Ka2 Kf6 37. Bb3 f4 38. c3 f3 39. Bd1 f2 40. Be2 Qe3 41. Bf1 Qe1 42. Bh3 f1Q 43. Bxf1 Qxf1 44. h5 gxh5 0-1

[Event "Titled Tuesday intern op 09th Jul Early"]
[Site "Chess.com INT"]
[Date "2024.07.09"]
[Round "7"]
[White "Muratet Casadevall, Albert"]
[Black "Ljukin, Sergei"]
[Result "0-1"]
[WhiteElo "2010"]
[BlackElo "2362"]
[PlyCount "32"]
[EventDate "2024.07.09"]
[EventType "swiss (blitz)"]
[EventRounds "11"]
[EventCountry "USA"]
[SourceTitle "EXT 2025"]
[Source "ChessBase"]
[SourceDate "2024.10.14"]
[SourceVersion "1"]
[SourceVersionDate "2024.10.14"]
[SourceQuality "1"]

1. e4 e6 2. d4 d5 3. e5 c5 4. c3 Nc6 5. Nf3 Qb6 6. a3 c4 7. Nbd2 Na5 8. g3 Bd7 9. h4 f5 10. exf6 gxf6 11. Bh3 0-0-0 12. 0-0 Nh6 13. Re1 Rg8 14. Rb1 Qc7 15. Nf1 Nf5 16. Bf4 Qxf4 0-1

[Event "Titled Tuesday intern op 09th Jul Early"]
[Site "Chess.com INT"]
[Date "2024.07.09"]
[Round "11"]
[White "Muratet Casadevall, Albert"]
[Black "Siekanska, Maria"]
[Result "0-1"]
[WhiteElo "2010"]
[BlackElo "2156"]
[PlyCount "40"]
[EventDate "2024.07.09"]
[EventType "swiss (blitz)"]
[EventRounds "11"]
[EventCountry "USA"]
[SourceTitle "EXT 2025"]
[Source "ChessBase"]
[SourceDate "2024.10.14"]
[SourceVersion "1"]
[SourceVersionDate "2024.10.14"]
[SourceQuality "1"]

1. e4 c5 2. c3 Nf6 3. e5 Nd5 4. Bc4 Nb6 5. Bb3 c4 6. Bc2 d5 7. d4 cxd3 8. Qxd3 Nc6 9. f4 g6 10. Nf3 Bf5 11. Qe2 Bxc2 12. Qxc2 Bg7 13. 0-0 0-0 14. Nbd2 Rc8 15. Nb3 Nc4 16. e6 fxe6 17. Qe2 e5 18. Nc5 e4 19. Ne6 exf3 20. Rxf3 Qb6+ 0-1

[Event "Titled Tuesday intern op 04th Jun Late"]
[Site "Chess.com INT"]
[Date "2024.06.04"]
[Round "8"]
[White "Estrada Nieto, Julian"]
[Black "Muratet Casadevall, Albert"]
[Result "1-0"]
[WhiteElo "2201"]
[BlackElo "2010"]
[PlyCount "47"]
[EventDate "2024.06.04"]
[EventType "swiss (blitz)"]
[EventRounds "11"]
[EventCountry "USA"]
[SourceTitle "EXT 2025"]
[Source "ChessBase"]
[SourceDate "2024.10.14"]
[SourceVersion "1"]
[SourceVersionDate "2024.10.14"]
[SourceQuality "1"]

1. e4 Nf6 2. e5 Nd5 3. d4 d6 4. Nf3 Bg4 5. Be2 e6 6. 0-0 Be7 7. c4 Nb6 8. h3 Bh5 9. Nc3 0-0 10. Be3 d5 11. c5 Bxf3 12. gxf3 Nc8 13. f4 Bh4 14. Bd3 g6 15. Kh2 Ne7 16. Rg1 Kh8 17. Rg4 Nf5 18. Ne2 Nc6 19. Bxf5 gxf5 20. Rg2 Qe7 21. Ng1 Rg8 22. Rxg8+ Rxg8 23. Qh5 Rg7 24. Nf3 1-0

[Event "Titled Tuesday intern op 04th Jun Late"]
[Site "Chess.com INT"]
[Date "2024.06.04"]
[Round "9"]
[White "Muratet Casadevall, Albert"]
[Black "Hristodoulou, Panagiotis"]
[Result "0-1"]
[WhiteElo "2010"]
[BlackElo "2387"]
[PlyCount "88"]
[EventDate "2024.06.04"]
[EventType "swiss (blitz)"]
[EventRounds "11"]
[EventCountry "USA"]
[SourceTitle "EXT 2025"]
[Source "ChessBase"]
[SourceDate "2024.10.14"]
[SourceVersion "1"]
[SourceVersionDate "2024.10.14"]
[SourceQuality "1"]

1. e4 c6 2. d4 d5 3. Nc3 dxe4 4. Nxe4 Bf5 5. Ng3 Bg6 6. Nf3 Nf6 7. Ne5 Nbd7 8. Nxg6 hxg6 9. Be3 e6 10. Qd2 Be7 11. 0-0-0 Qc7 12. Be2 0-0-0 13. Bf3 Nd5 14. Kb1 Kb8 15. c4 Nxe3 16. Qxe3 Nb6 17. Rc1 Rh4 18. c5 Nd5 19. Qb3 Rxd4 20. Ne4 Bf6 21. Nxf6 gxf6 22. Rhe1 f5 23. a3 Qxh2 24. Rh1 Qc7 25. Rh7 Nf6 26. Rg7 Rd3 27. Qa4 Qe7 28. Rc4 Rxf3 29. gxf3 Qf8 30. Rb4 Ka8 31. Qa5 Rd7 32. Ra4 a6 33. Qb6 Qxg7 34. Rxa6+ bxa6 35. Qxa6+ Kb8 36. Qb6+ Kc8 37. Qxc6+ Rc7 38. Qa8+ Kd7 39. Qa4+ Ke7 40. Qd4 Ne8 41. Qh4+ Qf6 42. Qb4 Qe5 43. c6+ Qd6 44. Qh4+ Nf6 0-1

[Event "Titled Tuesday intern op 04th Jun Late"]
[Site "Chess.com INT"]
[Date "2024.06.04"]
[Round "4"]
[White "Omariev, Maksim"]
[Black "Muratet Casadevall, Albert"]
[Result "1-0"]
[WhiteElo "2304"]
[BlackElo "2010"]
[PlyCount "67"]
[EventDate "2024.06.04"]
[EventType "swiss (blitz)"]
[EventRounds "11"]
[EventCountry "USA"]
[SourceTitle "EXT 2025"]
[Source "ChessBase"]
[SourceDate "2024.10.14"]
[SourceVersion "1"]
[SourceVersionDate "2024.10.14"]
[SourceQuality "1"]

1. g4 d5 2. Bg2 c6 3. h3 e5 4. d4 e4 5. c4 h6 6. Nc3 Nf6 7. Qb3 Qb6 8. c5 Qxb3 9. axb3 a6 10. b4 Bd7 11. Bf4 Be7 12. e3 0-0 13. Nge2 Be8 14. Nc1 Nbd7 15. Nb3 b6 16. Kd2 bxc5 17. bxc5 Bd8 18. Bd6 Nh7 19. Ra3 Ndf6 20. Rha1 Ng5 21. Rxa6 Rxa6 22. Rxa6 Bd7 23. Bxf8 Kxf8 24. Na5 Bxa5 25. Rxa5 h5 26. h4 Nf3+ 27. Bxf3 exf3 28. gxh5 Nxh5 29. Ra7 Ke7 30. b4 f6 31. b5 Kd8 32. b6 g5 33. hxg5 fxg5 34. Ra8+ 1-0

[Event "Titled Tuesday intern op 28th May Late"]
[Site "Chess.com INT"]
[Date "2024.05.28"]
[Round "7"]
[White "Tokman, Ariel"]
[Black "Muratet Casadevall, Albert"]
[Result "1-0"]
[WhiteElo "2376"]
[BlackElo "2010"]
[PlyCount "81"]
[EventDate "2024.05.28"]
[EventType "swiss (blitz)"]
[EventRounds "11"]
[EventCountry "USA"]
[SourceTitle "EXT 2025"]
[Source "ChessBase"]
[SourceDate "2024.10.14"]
[SourceVersion "1"]
[SourceVersionDate "2024.10.14"]
[SourceQuality "1"]

1. e4 Nf6 2. e5 Nd5 3. d4 d6 4. Nf3 Bg4 5. exd6 cxd6 6. Be2 e6 7. 0-0 Be7 8. c3 0-0 9. Nbd2 Nc6 10. a4 a5 11. Nc4 Nb6 12. Ne3 Bxf3 13. Bxf3 d5 14. Re1 Bg5 15. Qc2 Ne7 16. Qb3 Rc8 17. g3 Bxe3 18. Bxe3 Qc7 19. Bf4 Qc6 20. h4 Nc4 21. h5 h6 22. Kh2 Nf5 23. Bg4 Nfd6 24. Re2 b5 25. axb5 Qxb5 26. Qc2 Ra8 27. Bh3 a4 28. g4 Ne4 29. Bg2 Nf6 30. Bf3 Rfc8 31. g5 hxg5 32. Bxg5 Qb3 33. Qc1 a3 34. bxa3 Rxa3 35. h6 Qxc3 36. Rxa3 Nxa3 37. Qf4 Nc4 38. hxg7 Ne8 39. Bh5 Nxg7 40. Bxf7+ Kh7 41. Qh4+ 1-0

[Event "Santa Eugenia op 17th"]
[Site "Santa Eugenia"]
[Date "2023.08.02"]
[Round "5"]
[White "Guzman Maglaya, Noli"]
[Black "Muratet Casadevall, Albert"]
[Result "0-1"]
[WhiteElo "1745"]
[BlackElo "2064"]
[PlyCount "70"]
[EventDate "2023.07.31"]
[EventType "swiss"]
[EventRounds "9"]
[EventCountry "ESP"]
[SourceTitle "CBM 215 Extra"]
[Source "ChessBase"]
[SourceDate "2023.09.30"]
[SourceVersion "1"]
[SourceVersionDate "2023.09.30"]
[SourceQuality "1"]

1. e4 Nf6 2. e5 Nd5 3. c4 Nb6 4. d4 d6 5. exd6 cxd6 6. Bd3 g6 7. Ne2 Bg7 8. Nbc3 0-0 9. Be3 Nc6 10. a3 e5 11. d5 Ne7 12. 0-0 Bf5 13. Ng3 Bxd3 14. Qxd3 Rc8 15. b3 f5 16. f4 e4 17. Qd2 Bxc3 18. Qxc3 Nexd5 19. Qd2 Nxe3 20. Qxe3 Qf6 21. Rac1 d5 22. cxd5 Nxd5 23. Qxa7 Rxc1 24. Rxc1 Nxf4 25. Qe3 Qg5 26. Qc5 Nd3 27. Qd5+ Rf7 28. Rc8+ Kg7 29. Qd4+ Qf6 30. Ne2 Qxd4+ 31. Nxd4 Rd7 32. Ne6+ Kf6 33. Nc5 Nxc5 34. Rxc5 e3 35. g3 Rd1+ 0-1